England UEFA Euro 2024 Squad - Statistics

General Stats
  • This quiz has been taken 34,125 times
    33,528 since last reset
  • The average score is 16 of 27
Answer Stats
# Position Player % Correct
9 FW © Harry Kane
96%
1 GK Jordan Pickford
92%
10 MF Jude Bellingham
87%
7 FW Bukayo Saka
82%
11 FW Phil Foden
82%
2 DF Kyle Walker
80%
5 DF John Stones
78%
4 MF Declan Rice
73%
24 FW Cole Palmer
71%
8 MF Trent Alexander-Arnold
70%
Manager Gareth Southgate
64%
3 DF Luke Shaw
62%
13 GK Aaron Ramsdale
59%
19 FW Ollie Watkins
57%
12 DF Kieran Trippier
55%
6 DF Marc Guéhi
55%
23 GK Dean Henderson
53%
26 MF Kobbie Mainoo
47%
17 FW Ivan Toney
44%
16 MF Conor Gallagher
38%
21 MF Eberechi Eze
38%
18 FW Anthony Gordon
35%
14 DF Ezri Konsa
31%
20 FW Jarrod Bowen
31%
25 MF Adam Wharton
28%
22 DF Joe Gomez
27%
15 DF Lewis Dunk
25%
No matching quizzes found
Score Distribution
Percent of People with Each Score
Percentile by Number Answered
Your Score History
You have not taken this quiz since the last reset